Online
Catalog

Reglamento interno estatutario y leyes 6160, 6201 y 6200. (Record no. 47618)

MARC details
000 -CABECERA
campo de control de longitud fija 01865nam a2200265 a 4500
001 - NÚMERO DE CONTROL
campo de control 000048130
003 - IDENTIFICADOR DEL NÚMERO DE CONTROL
campo de control OSt
005 - FECHA Y HORA DE LA ÚLTIMA TRANSACCIÓN
campo de control 20210215120001.0
007 - CAMPO FIJO DE DESCRIPCIÓN FÍSICA--INFORMACIÓN GENERAL
campo de control de longitud fija ta
008 - DATOS DE LONGITUD FIJA--INFORMACIÓN GENERAL
campo de control de longitud fija 181119s2006 dr frl 000 spa d
040 ## - FUENTE DE LA CATALOGACIÓN
Centro catalogador/agencia de origen DO-SdBNP
Lengua de catalogación spa
Centro/agencia transcriptor BNPHU
082 ## - NÚMERO DE LA CLASIFICACIÓN DECIMAL DEWEY
Número de clasificación BNPHU-xxx
Número de documento/Ítem R377i
245 #0 - MENCIÓN DE TÍTULO
Título Reglamento interno estatutario y leyes 6160, 6201 y 6200.
260 ## - PUBLICACIÓN, DISTRIBUCIÓN, ETC.
Lugar de publicación, distribución, etc. Santo Domingo :
Nombre del editor, distribuidor, etc. CODIA ,
Fecha de publicación, distribución, etc. 2006.
300 ## - DESCRIPCIÓN FÍSICA
Extensión 94 p. ;
Dimensiones 22 cm.
500 ## - NOTA GENERAL
Nota general Incluye himno al CODIA en la tapa trasera.
505 0# - NOTA DE CONTENIDO CON FORMATO
Nota de contenido con formato Ley 6160
505 0# - NOTA DE CONTENIDO CON FORMATO
Nota de contenido con formato Ley 6201
505 0# - NOTA DE CONTENIDO CON FORMATO
Nota de contenido con formato Ley 6200
505 0# - NOTA DE CONTENIDO CON FORMATO
Nota de contenido con formato Reglamento interno estatutario:
Título I. nombre y domicilio.<br/>II. fines del colegio.<br/>III. de los miembros.<br/>IV. deberes y derechos de los miembros.<br/>V. de las inscripciones.<br/>VI. organización interna.<br/>VII. de la asamblea general.<br/>VIII. de la asamblea de representantes<br/>IX. de la junta directiva.<br/>X. del secretario general<br/>XI. de los deberes y atribuciones de los funcionarios.<br/>XII. tribunal disciplinario.<br/>XIII. de la comisión de defensa.<br/>XIV. de las delegaciones regionales o provinciales del colegio.<br/>XV. de los núcleos profesionales. <br/>XVI. de las elecciones.<br/>XVII. de los derechos, tasas y cuotas.<br/>XVIII modificación del reglamento interno estatutario.<br/>XIX. disolución del colegio.<br/>XX. de los documentos del ejercicio profesional.
505 0# - NOTA DE CONTENIDO CON FORMATO
Nota de contenido con formato Apéndices :
Título 1. reglamento para el procedimiento parlamentario.<br/>2. código de ética profesional.<br/>3. reglamento electoral.<br/>4. reglamento interno de la comisión de defensa.<br/>5. reglamento del tribunal disciplinario.<br/>6. reglamento para la nominación y elección del codiano del año 91.<br/>7. reglamento colegiado distinguido.
590 ## - NOTA LOCAL (RLIN)
Nota local Inventariado, 2018 / DG
710 ## - PUNTO DE ACCESO ADICIONAL--NOMBRE DE ENTIDAD CORPORATIVA
Nombre de entidad corporativa o nombre de jurisdicción como elemento de entrada Colegio Dominicano de ingenieros arquitecto y agrimensores (CODIA)
9 (RLIN) 77754
942 ## - ELEMENTOS DE PUNTO DE ACCESO ADICIONAL (KOHA)
Fuente del sistema de clasificación o colocación Dewey Decimal Classification
Tipo de ítem Koha Libros y folletos
Holdings
Estado de retiro Estado de pérdida Fuente del sistema de clasificación o colocación No para préstamo Código de colección Localización permanente Ubicación/localización actual Ubicación en estantería Fecha de adquisición Número de inventario Total de préstamos Signatura topográfica completa Código de barras Fecha visto por última vez Precio válido a partir de Tipo de ítem Koha
    Dewey Decimal Classification Excluido de préstamo Patrimonio Dominicano Patrimonio Dominicano Patrimonio Dominicano Depósito 19.11.2018 LF1   BNPHU- xxx R377i 48130-10 25.06.2020 25.06.2020 Libro y Folleto Colección Patrimonio Dominicano

Powered by Koha